Trendy v rozvoji měříci a automatizační techniky /

Salvato in:
Dettagli Bibliografici
Autore principale: Růžičková, Anna (Autore)
Natura: Libro
Pubblicazione: Praha : ÚVTEI, 1988
Tags: Aggiungi Tag
Nessun Tag, puoi essere il primo ad aggiungerne!!

MARC

LEADER 00000nam a22000003a 4500
001 stu20570
005 20150617225749.3
008 ------s1988----cs----------------------d
040 |a STU  |b slo 
041 0
044 |a cs 
080 |a 621.317 
100 1 |a Růžičková, Anna  |4 aut 
245 1 |a Trendy v rozvoji měříci a automatizační techniky /  |c [aut.]Růžičková,Anna 
260 |a Praha :  |b ÚVTEI,  |c 1988 
300 |a 98 s 
996 |b CB693  |c C*B693  |l CCXIV  |s P  |a 0  |w stu20570_0001